[Event "Bogota University op 7th"]
[Site "Bogota"]
[Date "2013.10.13"]
[Round "7"]
[White "Cardozo Munar, Carlos Eduardo"]
[Black "Gomez Perdomo, Jonathan"]
[Result "1-0"]
[WhiteElo "2021"]
[BlackElo "1832"]
[PlyCount "47"]
[EventDate "2013.10.10"]
[EventType "swiss"]
[EventRounds "9"]
[EventCountry "COL"]
[SourceTitle "CBM 156 Extra"]
[Source "ChessBase"]
[SourceDate "2013.10.22"]
[SourceVersion "1"]
[SourceVersionDate "2013.10.22"]
[SourceQuality "1"]

1. d4 Nf6 2. Nf3 e6 3. e3 d5 4. Bd3 c5 5. c3 c4 6. Bc2 Nc6 7. 0-0 Bd6 8. Nbd2 e5 9. e4 b5 10. exd5 Nxd5 11. dxe5 Nxe5 12. Nxe5 Bxe5 13. Re1 f6 14. Qh5+ Kf8 15. Nf3 Bc7 16. Be4 f5 17. Bg5 Nf6 18. Bxf6 Qxf6 19. Bxa8 Bd7 20. Rad1 g6 21. Qh6+ Qg7 22. Qxg7+ Kxg7 23. Rxd7+ Kh6 24. Rxc7 1-0

[Event "Bogota University op 7th"]
[Site "Bogota"]
[Date "2013.10.11"]
[Round "3"]
[White "Gomez Perdomo, Jonathan"]
[Black "Ruiz Aguilar, Pablo Alexander"]
[Result "0-1"]
[WhiteElo "1832"]
[BlackElo "2239"]
[PlyCount "67"]
[EventDate "2013.10.10"]
[EventType "swiss"]
[EventRounds "9"]
[EventCountry "COL"]
[SourceTitle "CBM 156 Extra"]
[Source "ChessBase"]
[SourceDate "2013.10.22"]
[SourceVersion "1"]
[SourceVersionDate "2013.10.22"]
[SourceQuality "1"]

1. e4 c5 2. Nc3 Nc6 3. f4 g6 4. Nf3 Bg7 5. Bc4 Na5 6. Be2 d6 7. d3 Nc6 8. Bd2 Rb8 9. Rb1 b5 10. Nd5 e6 11. Ne3 Nge7 12. g4 d5 13. e5 h6 14. c3 g5 15. fxg5 Nxe5 16. Nxe5 Bxe5 17. Nf1 Ng6 18. h4 hxg5 19. h5 Qf6 20. Be3 d4 21. cxd4 cxd4 22. Bd2 Bb7 23. Rg1 Nh4 24. Qb3 0-0 25. Bb4 Rfc8 26. Nd2 Ng2+ 27. Kd1 Ne3+ 28. Ke1 Nc2+ 29. Qxc2 Rxc2 30. Rf1 Qd8 31. Ne4 Bxe4 32. dxe4 d3 33. Bd1 Bg3+ 34. Rf2 0-1

[Event "Bogota McGregor op 3rd"]
[Site "Bogota"]
[Date "2012.12.14"]
[Round "5"]
[White "Gomez Perdomo, Jonathan"]
[Black "Villamil Alarcon, Hector Orlando"]
[Result "0-1"]
[WhiteElo "1843"]
[BlackElo "2061"]
[PlyCount "42"]
[EventDate "2012.12.12"]
[EventType "swiss"]
[EventRounds "9"]
[EventCountry "COL"]
[SourceTitle "EXT 2014"]
[Source "ChessBase"]
[SourceDate "2013.11.20"]
[SourceVersion "1"]
[SourceVersionDate "2013.11.20"]
[SourceQuality "1"]

1. e4 c5 2. Nc3 Nc6 3. Nf3 a6 4. a4 Nf6 5. d3 d6 6. Be2 g6 7. 0-0 Bg7 8. h3 0-0 9. Bd2 Bd7 10. Qc1 Re8 11. Bh6 Bh8 12. Qg5 Qc7 13. Nh4 Nd4 14. Bg4 Bxg4 15. hxg4 Qd7 16. Nd5 Nxd5 17. exd5 Bf6 18. Qe3 Bxh4 19. g5 Nxc2 20. Qf4 Nxa1 21. Rxa1 Bxf2+ 0-1